000 00449nam a2200169Ia 4500
008 210716s2006 xx 000 0 und d
020 _a8131403300
041 _aeng
082 _a332.6322 RAJT
100 _aRajarajan, T R; Raju, Priya.
245 _aDynamics of online stock trading.
250 _a1
260 _aNew delhi
_bICFAI University Press
_c2006
300 _avii,202
650 _aFinance
700 _aRajarajan, T R; Raju, Priya.
999 _c202433
_d202433